000 00810ngm a2200181 i 4500
001 C2-0343656
003 PPAK
005 20180727222731.0
008 171113s2015 cau|||| ||||| | vleng d
040 _aPPAK
_beng
_cPPAK
_erda
245 0 4 _aThe hobbit :
_bthe battle of the five armies
264 1 _aCalifornia ; Ampang Selangor :
_bNew Line Productions, Inc.; Alliance Entertainment (M) Sdn. Bhd. (Malaysia Distributor) ,
_c2015
500 _aSummary : Bilbo Baggins, a peaceful hobbit living in the Shire, joins a group of thirteen dwarves in their quest to retake their home from the dangerous dragon Smaug. ; Originally released as a motion picture in 2013. ; Based on the novel b
700 _eauthor
700 1 _aJackson, Peter,
_ecompile
700 1 _aOlssen, Jabez,
_eeditor
942 _2ddc
_cDVD
999 _c168025
_d168025